[Event "Recife JEBS op"]
[White "Sobral, Pedro De Figueiredo"]
[Black "D Almeida, Pedro Gabriel Ferre"]
[Site "Recife"]
[Round "3"]
[Result "1-0"]
[Date "2024.09.29"]
[WhiteElo "1621"]
[BlackElo "1800"]
[PlyCount "69"]
[EventDate "2024.09.28"]
[EventType "swiss"]
[EventRounds "6"]
[EventCountry "BRA"]
[SourceTitle "EXT 2025"]
[Source "ChessBase"]
[SourceDate "2024.10.14"]
[SourceVersion "1"]
[SourceVersionDate "2024.10.14"]
[SourceQuality "1"]

1. e4 c5 2. Nc3 e6 3. g3 Nc6 4. Bg2 d6 5. d3 Nge7 6. Be3 Ne5 7. Nge2 N7c6 8. 0-0 g6 9. f4 Bg7 10. g4 f5 11. exf5 gxf5 12. g5 Qc7 13. Ng3 Qf7 14. a4 a6 15. Nb1 Nb4 16. Na3 Nec6 17. Nc4 Bf8 18. Nh5 Ke7 19. Nf6 Bg7 20. Nb6 Rb8 21. c3 Nd5 22. Nbxd5+ exd5 23. Bxd5 Be6 24. Bxe6 Qxe6 25. Re1 Bxf6 26. gxf6+ Kxf6 27. Bd4+ cxd4 28. Rxe6+ Kxe6 29. Qb3+ Kf6 30. Qd5 Rhg8+ 31. Kf2 Rg4 32. Qxd6+ Kg7 33. Qd7+ Kf6 34. Kf3 dxc3 35. Re1 1-0

[Event "BRA-ch U18"]
[White "Alves, Luiz Henrique De Ar"]
[Black "Sobral, Pedro De Figueiredo"]
[Site "Aracaju"]
[Round "2"]
[Result "1-0"]
[Date "2024.05.22"]
[WhiteElo "1960"]
[BlackElo "1621"]
[PlyCount "85"]
[EventDate "2024.05.22"]
[EventType "swiss"]
[EventRounds "6"]
[EventCountry "BRA"]
[SourceTitle "CBM 220 Extra"]
[Source "ChessBase"]
[SourceDate "2024.07.31"]
[SourceVersion "1"]
[SourceVersionDate "2024.07.31"]
[SourceQuality "1"]

1. d4 d5 2. c4 e6 3. Nc3 Nf6 4. Nf3 Be7 5. Bg5 0-0 6. e3 Nbd7 7. Rc1 h6 8. Bf4 dxc4 9. Bxc4 c5 10. 0-0 cxd4 11. Nb5 dxe3 12. fxe3 e5 13. Nxe5 Nxe5 14. Bxe5 Qxd1 15. Rcxd1 Ng4 16. Bd4 Bg5 17. Rxf7 Rxf7 18. Nd6 Bf6 19. Nxf7 Bxd4 20. Rxd4 Kf8 21. e4 Ke7 22. Nd6 Ne5 23. Bd5 Nc6 24. Bxc6 bxc6 25. Nxc8+ Rxc8 26. Ra4 Rc7 27. Kf2 Ke6 28. Ke3 Ke5 29. Ra5+ Ke6 30. Kd4 Kd6 31. Ra6 Re7 32. e5+ Rxe5 33. Rxc6+ Kxc6 34. Kxe5 Kc5 35. h4 Kc4 36. Kf5 Kd3 37. Kg6 Kc2 38. Kxg7 Kxb2 39. Kxh6 Kxa2 40. Kg6 a5 41. h5 a4 42. h6 a3 43. h7 1-0